000 00552nam a2200217Ia 4500
003 0100
008 130303s9999 xx 000 0 und d
040 _cARRUPELIB
050 _aDS117.H36 1986
100 _aMiller, J. Maxwell
245 2 _aA history of ancient Israel and Judah
260 _aPhil. PA
260 _bWestminster Pr.
260 _C1986
300 _a523p
650 _bWomen, Education
650 _cFeminism
650 _dWomen -- Religious Life
700 _aJ. Maxwell Miller John H. Hayes , Hayes, John H
942 0 0 _01
999 _c22783
_d22783